00317nam a22001217a 4500020001800000040000900018082001700027100001800044245003600062250001600098260004500114650003600159 a9788120321076 cNust a620.112bPOP aEGOR P. Popov aEngineering Mechanics of Solids a2nd Edition aNew Delhi:bPHI Learning Pvt Ltd,c2011. aEngineering Mechanics of Solids